Επετηρίδα 2008-2009 = Πρόγραμμα Μεταπτυχιακών Σπουδών "Πολιτική Επιστήμη και Ιστορία"
Αποθηκεύτηκε σε:
| Συγγραφή απο Οργανισμό/Αρχή: | |
|---|---|
| Άλλοι συγγραφείς: | |
| Μορφή: | Βιβλίο |
| Γλώσσα: | Greek |
| Δημοσίευση: |
Αθήνα :
Παπαζήσης,
2010.
|
| Θέματα: | |
| Ετικέτες: |
Προσθήκη ετικέτας
Δεν υπάρχουν, Καταχωρήστε ετικέτα πρώτοι!
|
MARC
| LEADER | 00000cam a2200000 i 4500 | ||
|---|---|---|---|
| 001 | 1/20290 | ||
| 008 | 120607s2010 gr | ||| |||| ||gre|| | ||
| 020 | |a 9789600224320 | ||
| 035 | |l 10112681 | ||
| 040 | |a GR-MY-UA |b gre |e aacr | ||
| 041 | 0 | |a gre | |
| 082 | 7 | |a 378.495 |2 (22) | |
| 110 | 2 | |a Πάντειο Πανεπιστήμιο Κοινωνικών και Πολιτικών Επιστημών |b Τμήμα Πολιτικής Επιστήμης και Ιστορίας. | |
| 245 | 1 | 0 | |a Επετηρίδα 2008-2009 = |b Πρόγραμμα Μεταπτυχιακών Σπουδών "Πολιτική Επιστήμη και Ιστορία" / |c Πάντειο Πανεπιστήμιο Κοινωνικών και Πολιτικών Επιστημών,Τμήμα Πολιτικής Επιστήμης και Ιστορίας ; επιμέλεια έκδοσης: Ευαγγελία Γεώργα, Ελένη Τάκου. |
| 260 | |a Αθήνα : |b Παπαζήσης, |c 2010. | ||
| 300 | |a 345 σ. ; |c 24 εκ. | ||
| 650 | 0 | 0 | |a Political science |x Periodicals. |
| 700 | 1 | |a Γεώργα, Ευαγγελία, |e edtf | |
| 852 | |a INST |b RHODES |e 20120607 |h 378.495 ΕΠΕ |p 005400033796 |q 005400033796 |t BK |y 0 | ||
| 901 | |a BIBL4-2012-2 | ||
| 909 | |a Ρ |b 170445 | ||
| 970 | |z 2012/06/07 | ||